000 00672nam a22002057a 4500
999 _c9572
_d9572
003 AR-CdUCM
008 190328b ||||| |||| 00| 0 spa d
040 _aMUNICIPALIDAD PROVINCIAL DEL CUSCO
_cBIBLIOTECA MUNICIPAL DEL CUSCO
082 _aC / 864.3 /
_bL23
100 _aSantillana, Pilar Laña
_925861
245 _aEl valle de Huanchar /
260 _aLima :
_bMedica Peruana S.A ,
_c1948.
300 _a267 páginas ;
_c20.5 cm.
500 _aContiene dedicatoria a Luis Nieto del mismo autor del Libro
650 _aNovela Peruana
_910636
650 _aLiteratura Peruana
_9132
650 _aLiteratura Latinoamericana
_9799
942 _2ddc
_cLIBROS
945 _artm